| 000 | 00356nam a22001457a 4500 | ||
|---|---|---|---|
| 020 | _a0999541286 | ||
| 040 | _cNUST | ||
| 082 |
_a808.84 _bCOY |
||
| 100 |
_aWilliam shakespeare _9118640 |
||
| 110 |
_aMartin coyle _9125577 |
||
| 245 | _aNew Casebooks Hamlet | ||
| 260 |
_aNew York: _bPalgrave, _c1992. |
||
| 650 | _2New Casebooks Hamlet | ||
| 942 |
_2ddc _cBK |
||
| 999 |
_c611321 _d611321 |
||